000 00886cam a22002411 4500
001 l 39000007
003 DLC
005 20260227111536.0
008 790202s1938 xx 000 0 eng c
010 _al 39000007
035 _a(OCoLC)4614231
040 _aU.S. Dept. of Labor. Libr.
_cOCl
_dOCoLC
_dDLC
050 0 0 _aHD6093
_b.A35 no. 165
082 _a331.406173 s
100 1 _aBrown, Jean Collier,
_cMrs.
245 1 4 _aThe Negro woman worker,
_cBy Jean Collier Brown.
260 _aWashington,
_bU.S. Govt. print. off.,
_c1938.
300 _a v, 17 p.
_bpl.
_c23 cm.
490 0 _aBulletin of the [U.S.] Women's bureau,
_vno. 165
500 _aAt head of title: United States Department of labor. Frances Perkins, secretary. Women's bureau. Mary Anderson, director.
504 _a"Selected references on Negro women worker": p. 16-17.
650 0 _aAfrican American women.
999 _c36281
_d36281